Normal view
MARC view
- Climatic changes
Entry Topical Term
001 - CONTROL NUMBER
- control field: 29849
003 - CONTROL NUMBER IDENTIFIER
- control field: NUST
005 - DATE AND TIME OF LATEST TRANSACTION
- control field: 20200904095816.0
008 - FIXED-LENGTH DATA ELEMENTS
- fixed length control field: 200904|| aca||aabn | a|a d
040 ## - CATALOGING SOURCE
- Original cataloging agency: NUST
- Transcribing agency: NUST
150 ## - HEADING--TOPICAL TERM
- Topical term or geographic name entry element: Climatic changes
670 ## - SOURCE DATA FOUND
- Source citation: Work cat.: (NUST)0: Greenhouse 2009 (2009 : Perth, W.A.) 29845, Managing climate change :, 2010.
